Normal view
MARC view
- Dodziuk, Helena
Entry Personal Name
001 - CONTROL NUMBER
- control field: 57010
003 - CONTROL NUMBER IDENTIFIER
- control field: NUST
005 - DATE AND TIME OF LATEST TRANSACTION
- control field: 20210628201829.0
008 - FIXED-LENGTH DATA ELEMENTS
- fixed length control field: 210628|| aca||aabn | a|a d
040 ## - CATALOGING SOURCE
- Original cataloging agency: NUST
- Transcribing agency: NUST
100 ## - HEADING--PERSONAL NAME
- Personal name: Dodziuk, Helena
670 ## - SOURCE DATA FOUND
- Source citation: Work cat.: (NUST): Dodziuk, Helena, Modern conformational analysis, elucidating novel exciting molecular structures, 1995
